| 000 | 00869cam a2200241 i 4500 | ||
|---|---|---|---|
| 003 | SA-RiAUC | ||
| 005 | 20260315144433.0 | ||
| 008 | 260303s1967 ku g 00010 ara c | ||
| 040 |
_aSA-JeALM _bara _cSA-RiAUC _erda |
||
| 082 | 0 | 4 | _a411 |
| 090 |
_aم ن 411 _bهـ ا ر |
||
| 100 | 1 |
_aهارون، عبد السلام محمد، _d1909-1988 _eمؤلف. |
|
| 245 | 1 | 0 |
_aقواعد الإملاء / _cعبد السلام محمد هارون. |
| 250 | _aالطبعة الأولى. | ||
| 264 | 1 |
_aالقاهرة : _bدار سعيد. _c1959 |
|
| 300 |
_a66 صفحة ؛ _c29 سم |
||
| 336 |
_aنص _btxt _2rdacontent _3كتاب |
||
| 337 |
_aبدون وسيط _bn _2rdamedia |
||
| 338 |
_aمجلد _bnc _2rdacarrier |
||
| 650 | 7 |
_aاللغة العربية _xإملاء وتهجئة _2aucsh |
|
| 942 |
_2ddc _cRBOOK COPY _n0 |
||
| 949 |
_aSA-JeALM _d260303 _umohamedma123 _n1 |
||
| 999 |
_c14615 _d14615 |
||